Tous les arcs de One Piece - Statistiques

Statistiques générales
  • Ce quiz a été pris 118 fois
  • Le résultat moyen est 21 sur 33
Statistiques - réponses
Saga Arc % Correct
Saga East Blue Arlong Park
78%
Saga Alabasta Alabasta
77%
Saga Guerre au Sommet Marineford
77%
Saga Water 7 Water Seven
77%
Saga East Blue Baratie
74%
Saga Pays des Wa Pays des Wa
74%
Saga Thriller Bark Thriller Bark
74%
Saga Dressrosa Dressrosa
73%
Saga Water 7 Enies Lobby
73%
Saga Guerre au Sommet Impel Down
72%
Saga Whole Cake Island Whole Cake
72%
Saga Guerre au Sommet Sabaody
70%
Saga Finale Île d'Egg Head
68%
Saga Île des Hommes-Poissons Île des Hommes-Poissons
68%
Saga Skypiea Skypiea
68%
Saga East Blue Loguetown
67%
Saga East Blue Romance Dawn
67%
Saga Alabasta Royaume de Drum
67%
Saga Finale Elbaph
66%
Saga Dressrosa Punk Hazard
66%
Saga Skypiea Jaya
65%
Saga Alabasta Whiskey Peak
62%
Saga Guerre au Sommet Amazon Lily
61%
Saga Alabasta Little Garden
61%
Saga Whole Cake Island Zou
60%
Saga East Blue Village de Sirop
56%
Saga Water 7 Post-Enies Lobby
49%
Saga Guerre au Sommet Post-Marineford
49%
Saga Whole Cake Island Rêverie
49%
Saga Alabasta Reverse Mountain
48%
Saga Water 7 Long Ring Long Land
46%
Saga Île des Hommes-Poissons Retour à Sabaody
43%
Saga East Blue Ville d'Orange
20%
Aucun quiz correspondant
Distribution des résultats
% des personnes avec chaque résultat
Percentile par nombre de réponses
Votre historique - résultats
Vous n’avez pas pris ce quiz